Die 5 bevölkerungsreichsten Staaten nach Kontinent - Statistiken

Allgemein
  • Dieses Quiz wurde 647 mal gespielt
  • Das Durchschnittsergebnis liegt bei 22 aus 30
Antwortstatistiken
Hint Antwort % Korrekt
Asien 1.383,8 Mio. China
98%
Europa 82,8 Mio. Deutschland
98%
Europa 67,0 Mio. Frankreich
97%
Europa 113,0 Mio. Russland
97%
Nordamerika 325,1 Mio. Vereinigte Staaten
97%
Asien 1.317,4 Mio. Indien
95%
Nordamerika 36,6 Mio. Kanada
95%
Ozeanien 24,5 Mio. Australien
94%
Südamerika 207,6 Mio. Brasilien
94%
Nordamerika 123,5 Mio. Mexiko
94%
Südamerika 44,3 Mio. Argentinien
90%
Ozeanien 4,79 Mio. Neuseeland
90%
Europa 60,6 Mio. Italien
89%
Afrika 191,8 Mio. Nigeria
82%
Afrika 93,2 Mio. Ägypten
81%
Südamerika 49,3 Mio. Kolumbien
80%
Südamerika 31,8 Mio. Peru
76%
Asien 263,5 Mio. Indonesien
75%
Südamerika 31,4 Mio. Venezuela
68%
Asien 197,6 Mio. Pakistan
65%
Europa 65,1 Mio. Vereinigtes Königreich
62%
Ozeanien 8,15 Mio. Papua-Neuguinea
60%
Nordamerika 11,2 Mio. Kuba
58%
Ozeanien 0,869 Mio. Fidschi
57%
Afrika 104,3 Mio. Äthiopien
56%
Asien 162,6 Mio. Bangladesch
54%
Nordamerika 16,2 Mio. Guatemala
49%
Afrika 56,9 Mio. Tansania
38%
Ozeanien 0,642 Mio. Salomonen
32%
Afrika 82,2 Mio. D. R. Kongo
21%
Keine übereinstimmenden Quizze gefunden
Verteilung der Resultate
Anzahl Personen mit jedem Resultat
Perzentil nach korrekt beantworteten Fragen
Ihre Resultats-Entwicklung
Sie haben dieses Quiz noch nicht gespielt